Záhradné stavby a úprava záhrady

Bibliographic Details
Main Author: Hájek, Václav, 1942- (Author)
Other Authors: Hájek, Petr (Illustrator)
Format: Book
Language:Slovak
PhysicalDescription:159 strán fotografie (niektoré farebné), ilustrácie 24 cm
Published: Bratislava Alfa 1982
Edition:1. vyd.
Series:Urob si sám
Subjects:

MARC

LEADER 00000cam a2200000 a 4500
001 vtls001091568
003 SK-MaSNL
005 20260302064111.0
008 240226s1982 xo oa frnf 000 0 slo
015 |a SNBA1983/06 
020 |q (brožované) 
035 |a SNK000034410 
035 |a 5D53CE69-4C39-46AD-B980-EC1662B8021D 
035 |a urn:nbn:sk:snk-am00ifve 
040 |a SNK  |b slo  |c SNK  |e AACR2 
041 0 |a slo 
044 |a xo  |c SK 
072 7 |a 635  |x Záhradkárstvo  |2 konspekt 
072 7 |a 712  |x Plánovanie krajiny. Parky. Záhrady  |2 konspekt 
080 |a 712.6(035)  |2 1981 
080 |a 635.047  |2 2011 
080 |a 712.3/.7  |2 2011 
080 |a 631.23/.27  |2 2011 
080 |a 69.059.3  |2 2011 
080 |a (035)  |2 2011 
100 1 |a Hájek, Václav,  |d 1942-  |4 aut  |9 376731 
245 1 0 |a Záhradné stavby a úprava záhrady  |c Václav Hájek ; [autor obrázkov: Petr Hájek] 
250 |a 1. vyd. 
260 |a Bratislava  |b Alfa  |c 1982  |e Bratislava  |f Polygrafické závody 
300 |a 159 strán  |b fotografie (niektoré farebné), ilustrácie  |c 24 cm 
366 |e 16000 výtl. 
490 1 |a Urob si sám 
504 |a Bibliografia na strane 157 
650 0 7 |a záhrady  |2 SNKPH  |9 2730 
650 0 7 |a záhradná architektúra  |2 SNKPH  |9 2944 
650 0 7 |a záhradné stavby  |2 SNKPH  |9 69425 
650 0 7 |a stavebné úpravy  |2 SNKPH  |9 69559 
655 7 |a príručky  |2 SNKPH  |9 74364 
700 1 |a Hájek, Petr  |4 ill  |9 349221 
830 0 |a Urob si sám  |9 276794 
852 |a Slovenská národná knižnica 
954 |a odborná, vedecká literatúra cudzojazyčná (svetová)  |2 lita 
958 |a OND 
958 |a NB 
958 |a TL 
958 |a EUIPO 
999 |c 1135821  |d 1137751 
952 |t P60, <04>, [BOOK], {604}  |a SNK  |b SNK  |y VYP  |7 0  |p 17A0031938  |o snkSC 58324 D1  |0 0  |1 0  |4 0  |d 1997-01-22  |l 0  |r 2004-12-31 00:00:00  |w 2026-02-24 
952 |a SNK  |b SNK  |y PREZ  |7 0  |p 17A0894115  |o snkSC 58324  |i snkKSP 4178/83  |0 0  |1 0  |4 0  |d 2012-08-15  |f 1  |l 0  |r 2025-07-04 00:00:00  |w 2026-02-24